| 000 | 01311nam0a2200361 4500 | ||
|---|---|---|---|
| 001 | RU\NLR\BIBL_A\010859893 | ||
| 005 | 20260405213009.0 | ||
| 010 |
_a978-5-9925-1045-4 _92000 |
||
| 021 |
_aRU _b2015-68531 _94103 |
||
| 035 | _a(NILC)RuMoRGB-008013546 | ||
| 035 | _a(NLR Aleph) 010859893 | ||
| 090 |
_a10415640 _c10415640 |
||
| 100 | _a20151012d2015 |||y0rusy50 ca | ||
| 101 | 0 | _afre | |
| 102 | _aRU | ||
| 105 | _ay z 000ay | ||
| 200 | 1 |
_aLa Terre des hommes _fAntoine de Saint-Exupéry _gкоммент. и слов. О. П. Панайотти |
|
| 210 |
_aСанкт-Петербург _cКАРО _d2015 |
||
| 215 |
_a253 с. _d17 |
||
| 225 | 1 |
_aFrançais _iLittérature contemporaine |
|
| 300 | _aВ вып. дан.: Планета людей / Антуан де Сент-Экзюпери | ||
| 333 | _a12+ | ||
| 517 | 1 | _aПланета людей | |
| 606 | 1 |
_aФранцузский язык _jКниги для чтения _91524672 _3RU\NLR\AUTH\66964829 |
|
| 675 | _a811.133.1 | ||
| 686 | 1 | _aШ147.11-93рус91 | |
| 700 | 1 |
_8fre _7ba _aSaint-Exupéry _bA. de _f1900-1944 _gAntoine de _3RU\NLR\AUTH\7796056 _978982 |
|
| 801 | 0 |
_aRU _bРГБ _c20150904 _gRCR |
|
| 801 | 1 |
_aRU _bРГБ _c20150904 _2rusmarc |
|
| 942 | _cBOOK | ||
| 980 | _aNB | ||